000 00799nam a2200241 a 4500
001 BRCA_6406
005 20190321142931.0
008 080911s1932----gw-a######---#000-0#ger-#
041 _ager
044 _agw
050 4 _b.N54 1 1932
245 1 0 _aNiederländische Gemälde Kunstgewerbe Des 16. - 18. Jahrhunderts
_bAus Verschiedenem Besitz, Katalog Nr. XVIII.
260 _aAlemania
_bHermann Ball und Paul Graupe
_c1932
300 _a63 p.
_bil., 28 láminas
_c32 cm.
500 _aCatálogo de subasta inventariado por Banco de México como libro.
500 _aVer también CDE29, CDE30 y CDE31
500 _aCDE28
650 1 4 _aArte
_vCatálogos
_ySiglo XVI-XVII
_916020
650 1 4 _aPintura holandesa
_vCatálogos
_916021
650 1 4 _aSubastas
_97837
902 _aGFM
942 _2lcc
_cB
999 _c6091
_d6091